Statistics for Found Heaven Tracklist

Click here to take the quiz!

General Stats

  • This quiz has been taken 97 times
  • The average score is 12 of 13

Answer Stats

Track No.Answer% Correct
5.Alley Rose
98%
4.Lonely Dancers
98%
13.Winner
98%
1.Found Heaven
95%
2.Never Ending Song
95%
11.Boys & Girls
91%
10.Eye Of The Night
89%
12.Killing Me
89%
7.Miss You
89%
6.The Final Fight
86%
9.Forever With Me
82%
8.Bourgeoisieses
77%
3.Fainted Love
77%

Score Distribution

Percentile by Number Answered

Percent of People with Each Score

Your Score History

You have not taken this quiz